Statistics for Top 10 Countries that Produce the Most Ginger

Click here to take the quiz!

General Stats

  • This quiz has been taken 638 times
  • The average score is 6 of 10

Answer Stats

# TonnesCountry% Correct
425 kChina
98%
683 kIndia
96%
232 kIndonesia
89%
140 kThailand
79%
57 kJapan
75%
69 kBangladesh
57%
35 kTaiwan
35%
235 kNepal
33%
160 kNigeria
27%
46 kCameroon
11%

Score Distribution

Percentile by Number Answered

Percent of People with Each Score

Your Score History

You have not taken this quiz